Responses for Show #4419 - Thursday, November 20, 2003

2003 College Championship final game 1.
From Yale University.

Contestants

[<< previous game]

Grant Hutchinson, a freshman at the University of West Florida from Pensacola, Florida

Keith Williams, a freshman at Middlebury College from Manchester, Vermont

Josh Perkins, a sophomore at Rice University from Houston, Texas

[next game >>]

Jeopardy! Round responses

THE CIVIL WAR
LATE NIGHT TV
WILDLIFE
CAN YOU PICTURE THIS?
ROTC
3-LETTER WORDS IN YALE
    $200 3
Sherman

Grant
    $200 1
David Letterman

Keith
    $200 21
the ostrich

Keith
    $200 26
(Keith: What is potbelly?)
(Josh: What is pork belly?)

potbellied

JoshKeith
Triple Stumper
    $200 11
officers

Keith
    $200 16
ale

Keith
    $400 4
(Josh: What is West Virginia?)

Virginia

JoshKeith
    $400 2
Conan O'Brien

Grant
    $400 22
a lion

Triple Stumper
    $400 27
Shakers

Keith
    $400 12
marksmanship

Keith
    $400 17
lye

Josh
    $1,000 5
Fort Sumter

Keith
    $600 8
The Daily Show

Keith
    $600 23
(Grant: What is a moose?)

a caribou

KeithGrant
    $600 28
(Keith: What are palindromes?)

spool & loops

Keith
Triple Stumper
    $600 13
the Reserves or National Guard

Keith
    $600 18
lea

Triple Stumper
    $800 6
Shiloh

Grant
    $800 9
Jay Leno

Keith
    $800 24
(Keith: What is a kodiak?)

the grizzly

Keith
Triple Stumper
    $800 29
a creamer

Keith
    $800 14
Chairman of the Joint Chiefs of Staff

Grant
    $800 19
aye

Josh
    $1000 7
Antietam

Grant
    $1000 10
(Keith: What is Newsline?)

Nightline

JoshKeith
    $1000 25
a sloth

Josh
    $1000 30
(Josh: What is Sprite?)

7 Up

JoshKeith
    $1000 15
Midshipmen

Triple Stumper
    $1000 20
lay

Josh

Scores at the first commercial break (after clue 15):

Josh Keith Grant
$600 $3,200 $3,200

Scores at the end of the Jeopardy! Round:

Josh Keith Grant
$2,600 $4,800 $2,600

Double Jeopardy! Round responses

YOU'RE HISTORY
21st CENTURY ROCK
DIET & EXERCISE
COLLEGE PROFESSORS
THE REAL CANCUN
WORD ORIGINS
    $400 2
Karl Marx

Keith
    $400 1
Beyonce Knowles

Grant
    $400 26
crunches

Grant
    $400 10
Henry Wadsworth Longfellow

Grant
    $400 16
the Yucatan

Josh
    $400 17
a coupon

Grant
    $800 3
Roman emperors

Grant
    $800 7
the Weather Channel

Triple Stumper
    $800 27
iron

Josh
    $800 11
A Beautiful Mind

Grant
    $800 18
Flag Day

Keith
    $800 22
slalom

Keith
    $1200 4
Henry VIII

Grant
    $1200 8
the remix

Triple Stumper
    $1200 28
en garde

Josh
    $1200 12
Tuesdays with Morrie

Josh
    $1200 19
Miami

Keith
    $1200 23
Thursday

Josh
    $1600 5
Anwar Sadat

Keith
    $1600 9
emo

Grant
    $1600 29
wheatgrass

Triple Stumper
    $1600 13
Harold Bloom

Triple Stumper
    $1600 20
the Mayans

Keith
    $1600 24
dormitory

Keith
    $2000 6
PRI

Triple Stumper
    $2000 15
Wilco

Triple Stumper
    $2000 30
body mass index

Keith
    $1,000 14
Enrico Fermi

Josh
    $2000 21
Lobster

Triple Stumper
    $3,600 25
scoliosis

Keith

Scores at the end of the Double Jeopardy! Round:

Josh Keith Grant
$8,400 $18,400 $8,600

Final Jeopardy! Round responses

PEOPLE ON THE MAP
JoshWho are St. Peter and Lenin?
$2,711
GrantWho are Lenin & Peter I?
$3,600
KeithWho are Lenin and Peter?
$8,000
St. Peter and Lenin

Final scores:

Josh Keith Grant
$11,111 $10,400 $5,000

Game dynamics:

Coryat scores:

Josh Keith Grant
$9,400 $16,400 $8,600
11 R
(including 1 DD),
3 W
23 R
(including 2 DDs),
4 W
13 R,
1 W

Combined Coryat: $34,400

[game clues] [game scores] [suggest correction]

Game tape date: 2003-10-04
The J! Archive is created by fans, for fans. Scraping, republication, monetization, and malicious use prohibited; this site may use cookies and collect identifying information. See terms. The Jeopardy! game show and all elements thereof, including but not limited to copyright and trademark thereto, are the property of Jeopardy Productions, Inc. and are protected under law. This website is not affiliated with, sponsored by, or operated by Jeopardy Productions, Inc. Join the discussion at JBoard.tv.